000 00809cam a2200241 4500
001 M2006
008 #DATE n1983 000 0 eng u
035 _a(Sirsi) u114807
041 _aeng
110 _aEngland and Wales
_bLands Tribunal
_91252
245 _aP.J. Ozanne; M.J. Wilson; Rothschild Trust Co (CI) Ltd v Hertfordshire CC
260 _cREF/72/1983
350 _a0
490 _aLands Tribunal
_vREF/72/1983
520 _aLT 2 March 1988. Compensation payable on compulsory acquisition of a strip of land.
650 _aHERTFORDSHIRE CC V ROTHSCHILD TRUST CO (CI) LTD AND OTHERS
650 _aOZANNE V HERTFORDSHIRE CC
650 _aPLANNING PERMISSION
650 _aRANSOM STRIPS
650 _aRANSOM VALUE
690 _aCOMPULSORY PURCHASE AND COMPENSATION-CASE LAW
942 _n0
999 _c101675
_d101675